[Event "OPEN D'AUBAGNE"]
[Site "SALLE LAKANAL AUBAGNE"]
[Date "2019.09.02"]
[Round "4.1"]
[White "Cescon, Moreno"]
[Black "Bedhouche, Rayan"]
[Result "1-0"]
[WhiteElo "1684"]
[BlackElo "1426"]
[PlyCount "81"]
[EventDate "2019.??.??"]
[WhiteTeam "Cercle d'Echecs Aubagnais"]
[BlackTeam "L'Echiquier du Roy René"]

1. e4 c5 2. Bc4 Nc6 3. f4 a6 4. a4 e6 5. Nf3 d5 6. exd5 exd5 7. Be2 Bg4 8. O-O
Bd6 9. d4 Nf6 10. c3 c4 11. Ne5 Bxe2 12. Qxe2 O-O 13. Be3 Re8 14. Nd2 Qd7 15.
Qf3 Ne7 16. Bf2 b5 17. axb5 axb5 18. Bh4 Ne4 19. Nxe4 dxe4 20. Qxe4 Rab8 21.
Bxe7 Rxe7 22. Qf3 b4 23. Nc6 Rbe8 24. Nxe7+ Qxe7 25. Rfe1 Qxe1+ 26. Rxe1 Rxe1+
27. Kf2 Ra1 28. Qd5 Be7 29. Qxc4 bxc3 30. bxc3 g6 31. Qd5 Ra3 32. Qe5 Bf8 33.
d5 Bc5+ 34. Kf3 Ra8 35. d6 Bb6 36. d7 Bd8 37. c4 Ra3+ 38. Ke4 f5+ 39. Kd5 Ra8
40. c5 h6 41. Kc6 1-0

[Event "OPEN D'AUBAGNE"]
[Site "SALLE LAKANAL AUBAGNE"]
[Date "2019.09.02"]
[Round "4.2"]
[White "Tramarin, Matteo"]
[Black "Daumas, Alain"]
[Result "1/2-1/2"]
[WhiteElo "1457"]
[BlackElo "1648"]
[PlyCount "119"]
[EventDate "2019.??.??"]
[WhiteTeam "La Ciotat Echecs (LCE)"]
[BlackTeam "Club d'Echecs Pennois (CEP)"]

1. c4 Nf6 2. Nc3 c5 3. g3 e6 4. Bg2 Nc6 5. Nf3 Be7 6. d3 O-O 7. O-O d5 8. b3 d4
9. Nb5 a6 10. Na3 e5 11. Bd2 Bf5 12. Nh4 Bd7 13. Nf3 Rb8 14. Nc2 b5 15. Rb1 b4
16. Nce1 Qc7 17. Ng5 Bd6 18. Ne4 Nxe4 19. Bxe4 Ne7 20. f4 Bc6 21. Bg2 exf4 22.
Bxf4 Bxf4 23. Rxf4 Ng6 24. Rf2 Rbe8 25. Qd2 Re6 26. Bxc6 Qxc6 27. Ng2 Rfe8 28.
Re1 R8e7 29. Ref1 Qe8 30. Re1 a5 31. Kf1 Qc6 32. Kg1 h6 33. a4 Qd6 34. Kf1 Kh7
35. Kg1 Qe5 36. Kf1 Qh5 37. Kg1 Qg5 38. Qxg5 hxg5 39. Kf1 Ne5 40. h4 gxh4 41.
gxh4 Ng4 42. Rf4 Rf6 43. Rxf6 Nxf6 44. Nf4 Re5 45. Kg2 Kh6 46. Kh3 Re3+ 47. Kg2
Nh5 48. Nd5 Re5 49. e4 dxe3 50. Nxe3 Re6 51. Ng4+ Kg6 52. Rxe6+ fxe6 53. Kf3
Kf5 54. Nh2 Ke5 55. Ke3 Ng3 56. Nf3+ Kd6 57. d4 Nf5+ 58. Kd3 cxd4 59. Nxd4 Nxh4
60. c5+ 1/2-1/2

[Event "OPEN D'AUBAGNE"]
[Site "SALLE LAKANAL AUBAGNE"]
[Date "2019.09.02"]
[Round "4.3"]
[White "Cureau, Dominique"]
[Black "Ganier, Philippe"]
[Result "0-1"]
[WhiteElo "1340"]
[BlackElo "1562"]
[PlyCount "114"]
[EventDate "2019.??.??"]
[WhiteTeam "Echiquier Marseillais 1872"]
[BlackTeam "La Ciotat Echecs (LCE)"]

1. c4 Nf6 2. Nc3 g6 3. d4 Bg7 4. Nf3 d6 5. e4 O-O 6. Be2 Nbd7 7. O-O c5 8. Be3
Ng4 9. Qd2 Nxe3 10. Qxe3 cxd4 11. Nxd4 a6 12. Rfd1 Nc5 13. Bf3 Bd7 14. Rab1 Rb8
15. b3 b5 16. cxb5 axb5 17. Be2 b4 18. Ncb5 Qb6 19. h3 Bxb5 20. Nxb5 Qc6 21.
Nd4 Qxe4 22. Bf3 Qxe3 23. fxe3 Rb6 24. Rf1 Bh6 25. Nc2 Rc8 26. Bd5 e6 27. Bc4
d5 28. Be2 Ne4 29. Rb2 Bg7 30. Nd4 e5 31. Nf3 Ng3 32. Re1 Rbc6 33. Kh2 Nf5 34.
Bf1 e4 35. Nd4 Nxd4 36. exd4 Bxd4 37. Rbe2 Rc1 38. g3 R8c2 39. Kg2 Kg7 40. h4
Rxe2+ 41. Rxe2 Rc3 42. Kh3 Be5 43. Rg2 d4 44. Bc4 e3 45. Re2 f5 46. Kg2 f4 47.
Kf3 fxg3 48. Kg2 Kf6 49. Kf3 h5 50. Kg2 Kf5 51. Kh3 g5 52. hxg5 Kxg5 53. Kg2 h4
54. Be6 Kf4 55. Bc4 d3 56. Re1 Rc2+ 57. Kg1 Ke4 0-1

[Event "OPEN D'AUBAGNE"]
[Site "SALLE LAKANAL AUBAGNE"]
[Date "2019.09.02"]
[Round "4.4"]
[White "Rivollier, Frederic"]
[Black "Laurent, Yohan"]
[Result "1/2-1/2"]
[WhiteElo "1455"]
[BlackElo "1632"]
[PlyCount "99"]
[EventDate "2019.??.??"]
[WhiteTeam "Cercle d'Echecs Aubagnais"]
[BlackTeam "Cercle d'Echecs Aubagnais"]

1. e4 d5 2. exd5 Nf6 3. Bb5+ Bd7 4. Bxd7+ Nbxd7 5. Nc3 Nb6 6. Nf3 Nbxd5 7. O-O
e6 8. Nxd5 Qxd5 9. d3 O-O-O 10. Bf4 Nh5 11. Qd2 f6 12. Bg3 Bc5 13. a4 Nxg3 14.
hxg3 a6 15. b4 Bb6 16. Qe2 Rhe8 17. Rfd1 Qd6 18. Qe4 Qxg3 19. d4 Qg6 20. Qxg6
hxg6 21. c4 Rd7 22. c5 Ba7 23. Rac1 Red8 24. Re1 Re7 25. a5 g5 26. g4 Rd5 27.
Rc2 Kd7 28. Rce2 c6 29. Re4 Bb8 30. Kg2 g6 31. R4e2 Bf4 32. Rh1 f5 33. gxf5
exf5 34. Rhe1 g4 35. Ne5+ Bxe5 36. dxe5 Rh7 37. Rb2 Rh3 38. f4 Rdd3 39. Ree2
Rdg3+ 40. Kf1 Rf3+ 41. Rf2 Rxf2+ 42. Rxf2 Rb3 43. Rd2+ Ke7 44. Rd4 Rb2 45. Kg1
Re2 46. Kf1 Rh2 47. Kg1 Rh8 48. Kg2 Rd8 49. Rd6 Rh8 50. Rd3 1/2-1/2

[Event "OPEN D'AUBAGNE"]
[Site "SALLE LAKANAL AUBAGNE"]
[Date "2019.09.02"]
[Round "4.5"]
[White "Pinet, Leo"]
[Black "Jamme, Jean-Pierre"]
[Result "1/2-1/2"]
[WhiteElo "1431"]
[BlackElo "1918"]
[PlyCount "69"]
[EventDate "2019.??.??"]
[WhiteTeam "Club Provence Echecs"]
[BlackTeam "Cercle d'Echecs Aubagnais"]

1. e4 e5 2. Nf3 Nc6 3. d4 exd4 4. Nxd4 Bc5 5. Nxc6 bxc6 6. Bd3 Ne7 7. O-O Ng6
8. Qh5 Qe7 9. Nd2 Qe5 10. Qf3 d6 11. Nc4 Qe7 12. Qg3 O-O 13. Bd2 Bd4 14. c3 Bb6
15. Nxb6 cxb6 16. f4 f5 17. Rae1 Qf7 18. b3 fxe4 19. Bxe4 Ne7 20. Bxh7+ Kxh7
21. Qh4+ Kg8 22. Qxe7 Qg6 23. Rf3 Bf5 24. Rg3 Qf6 25. Qxf6 Rxf6 26. c4 Kf7 27.
Bc3 Rg6 28. Rge3 d5 29. cxd5 cxd5 30. Re7+ Kg8 31. Rc7 Be4 32. g3 Rf8 33. Kf2
Rf7 34. Rc8+ Kh7 35. Rc1 1/2-1/2

[Event "OPEN D'AUBAGNE"]
[Site "SALLE LAKANAL AUBAGNE"]
[Date "2019.09.02"]
[Round "4.6"]
[White "Pouyet, Alain"]
[Black "Pouliquen, Gilbert"]
[Result "1-0"]
[WhiteElo "1572"]
[BlackElo "1274"]
[PlyCount "75"]
[EventDate "2019.??.??"]
[WhiteTeam "Club Provence Echecs"]
[BlackTeam "Echiquier Marseillais 1872"]

1. e4 e6 2. d4 d5 3. e5 c5 4. c3 Nc6 5. f4 Nge7 6. dxc5 Nf5 7. Nf3 Bxc5 8. Qd3
Qb6 9. b4 Bf2+ 10. Ke2 O-O 11. a4 a5 12. b5 Nce7 13. Ng5 Ng6 14. Na3 Bc5 15.
Nc2 f6 16. Nf3 Ne3 17. Bxe3 Bxe3 18. Qxe3 Qxe3+ 19. Kxe3 fxe5 20. fxe5 Rf5 21.
Bd3 Rf7 22. Bxg6 hxg6 23. Ncd4 Bd7 24. Ng5 Re7 25. Rhf1 Rc8 26. Kd3 Rc4 27. Ra2
Re8 28. g3 Rec8 29. Ne2 Rxa4 30. Rb2 Rc5 31. Nd4 Rac4 32. Rb3 a4 33. Ra3 Bxb5
34. Nxb5 Rxb5 35. Nxe6 Rb6 36. Nf4 Re4 37. Nxd5 Rb3 38. Rxb3 1-0

[Event "OPEN D'AUBAGNE"]
[Site "SALLE LAKANAL AUBAGNE"]
[Date "2019.09.02"]
[Round "4.7"]
[White "Gomez, Guy"]
[Black "Moerenhout, Jean Claude"]
[Result "1-0"]
[WhiteElo "1562"]
[BlackElo "1311"]
[PlyCount "57"]
[EventDate "2019.??.??"]
[WhiteTeam "Cercle d'Echecs Aubagnais"]
[BlackTeam "Cercle d'Echecs Aubagnais"]

1. e4 d6 2. Nf3 Nf6 3. Nc3 Nbd7 4. d4 e5 5. dxe5 dxe5 6. Bg5 Be7 7. Qd2 c6 8.
O-O-O Qc7 9. Nh4 h6 10. Bxf6 Bxf6 11. Nf5 O-O 12. Kb1 Rd8 13. Nd6 Nb6 14. f4
Be6 15. Be2 Bc4 16. Bh5 exf4 17. Qxf4 Rd7 18. e5 Nd5 19. Qxc4 Bxe5 20. Nxd5
cxd5 21. Qxc7 Rxc7 22. Rxd5 Bf6 23. Re1 Kh7 24. Re8 Rxe8 25. Nxe8 Re7 26. Nxf6+
gxf6 27. Kc1 Re5 28. Rxe5 fxe5 29. Bxf7 1-0

[Event "OPEN D'AUBAGNE"]
[Site "SALLE LAKANAL AUBAGNE"]
[Date "2019.09.02"]
[Round "4.9"]
[White "Labriaud, Gilles"]
[Black "Gamblin, Vincent"]
[Result "0-1"]
[WhiteElo "1265"]
[BlackElo "1427"]
[PlyCount "125"]
[EventDate "2019.??.??"]
[WhiteTeam "La Ciotat Echecs (LCE)"]
[BlackTeam "L'Echiquier du Roy René"]

1. e4 c5 2. c4 Nc6 3. f4 e6 4. Nf3 Nge7 5. Be2 d5 6. cxd5 exd5 7. d3 d4 8. O-O
b6 9. Na3 Bb7 10. Nc4 g6 11. Nh4 Nc8 12. Qe1 Be7 13. Nf3 Nd6 14. Nfe5 Nxc4 15.
Nxc4 b5 16. Ne5 Nxe5 17. fxe5 Bg5 18. Qf2 O-O 19. Qg3 Bxc1 20. Raxc1 Qc7 21. e6
Qxg3 22. exf7+ Rxf7 23. hxg3 Rxf1+ 24. Rxf1 b4 25. Bg4 Re8 26. Bd7 Re7 27. Bb5
Kg7 28. Kh2 Bc8 29. Bc4 Be6 30. Bxe6 Rxe6 31. b3 a5 32. Kh3 Ra6 33. Rc1 Rc6 34.
Kg4 Kf6 35. Rf1+ Kg7 36. Rc1 h6 37. Kf4 Kf6 38. e5+ Ke6 39. Ke4 Rc8 40. Rf1 Rc6
41. Rf6+ Kd7 42. Kd5 Rxf6 43. exf6 h5 44. Ke5 Ke8 45. Kd6 Kf7 46. Kxc5 Kxf6 47.
Kxd4 Kf5 48. Kd5 Kg4 49. Ke5 Kxg3 50. d4 Kxg2 51. d5 h4 52. d6 h3 53. d7 h2 54.
d8=Q h1=Q 55. Qd5+ Kg1 56. Qd1+ Kg2 57. Qd5+ Kh2 58. Qd2+ Qg2 59. Qh6+ Kg1 60.
Qc1+ Kf2 61. Qd2+ Kf1 62. Qf4+ Qf2 63. Qg5 0-1

[Event "OPEN D'AUBAGNE"]
[Site "SALLE LAKANAL AUBAGNE"]
[Date "2019.09.02"]
[Round "4.10"]
[White "Correges, Philippe"]
[Black "Turpin, Isabelle"]
[Result "1-0"]
[WhiteElo "1408"]
[BlackElo "1171"]
[PlyCount "31"]
[EventDate "2019.??.??"]
[WhiteTeam "Cercle d'Echecs Aubagnais"]
[BlackTeam "Cercle d'Echecs Aubagnais"]

1. e4 Nc6 2. d4 g6 3. Nf3 d6 4. Be2 Bg7 5. d5 Ne5 6. Nxe5 dxe5 7. O-O e6 8. Nc3
a6 9. Be3 Qe7 10. Qd2 b6 11. Rab1 Bb7 12. d6 Qd7 13. Rfd1 Bf8 14. dxc7 Qxc7 15.
Bxb6 Qxb6 16. Qd7# 1-0

[Event "OPEN D'AUBAGNE"]
[Site "SALLE LAKANAL AUBAGNE"]
[Date "2019.09.02"]
[Round "4.12"]
[White "Desjardins, Rene"]
[Black "Madi, Chahinez"]
[Result "0-1"]
[WhiteElo "1398"]
[BlackElo "1293"]
[PlyCount "120"]
[EventDate "2019.??.??"]
[WhiteTeam "Cercle d'Echecs Aubagnais"]
[BlackTeam "Cercle d'Echecs Aubagnais"]

1. e4 c5 2. Nf3 Nc6 3. Bc4 Nf6 4. Nc3 a6 5. a3 g6 6. d3 Bg7 7. Bg5 O-O 8. Qd2
d6 9. Bh6 Bg4 10. Bxg7 Kxg7 11. Ng5 Ne5 12. Ba2 h6 13. h3 Bd7 14. Nf3 Nxf3+ 15.
gxf3 b5 16. O-O-O a5 17. h4 h5 18. d4 Qc7 19. Rhg1 b4 20. axb4 axb4 21. Nd5
Nxd5 22. exd5 Rxa2 23. Qg5 Ra1+ 24. Kd2 Rxd1+ 25. Kxd1 Bf5 26. Qxf5 Qa7 27. Kd2
Rh8 28. Qd3 Qa5 29. b3 Qb6 30. Ra1 Rb8 31. Ra6 Qb5 32. Qxb5 Rxb5 33. dxc5 Rxc5
34. Rb6 Kf6 35. Rxb4 Rxd5+ 36. Ke3 Ke6 37. c4 Rc5 38. Kd4 Kf5 39. Rb7 e5+ 40.
Ke3 f6 41. Rb5 g5 42. hxg5 fxg5 43. Ke2 e4 44. b4 exf3+ 45. Kxf3 Rxb5 46. cxb5
Ke6 47. Kg3 Kd7 48. f4 gxf4+ 49. Kxf4 Kc7 50. Kg5 Kb6 51. Kxh5 Kxb5 52. Kg5
Kxb4 53. Kf4 d5 54. Ke3 Kc3 55. Ke2 Kc2 56. Ke3 Kc3 57. Ke2 d4 58. Kd1 Kd3 59.
Ke1 Kc2 60. Ke2 d3+ 0-1

[Event "OPEN D'AUBAGNE"]
[Site "SALLE LAKANAL AUBAGNE"]
[Date "2019.09.02"]
[Round "4.13"]
[White "Bonavia, Mathis"]
[Black "Rescanieres, Alice"]
[Result "1-0"]
[WhiteElo "1397"]
[BlackElo "1176"]
[PlyCount "89"]
[EventDate "2019.??.??"]
[WhiteTeam "La Ciotat Echecs (LCE)"]
[BlackTeam "La Ciotat Echecs (LCE)"]

1. d4 Nf6 2. c4 d6 3. Nf3 g6 4. Nc3 Bg7 5. e4 O-O 6. Be3 Bg4 7. Be2 Nbd7 8. O-O
Re8 9. Qd2 Bxf3 10. Bxf3 c5 11. d5 Ne5 12. Be2 b6 13. f3 Qd7 14. a3 e6 15. b4
exd5 16. Nxd5 Nxd5 17. Qxd5 Nxf3+ 18. Bxf3 Bxa1 19. Rxa1 Rac8 20. Bf4 Rc6 21.
e5 Re6 22. Qxc6 Qxc6 23. Bxc6 dxe5 24. Bd5 Re7 25. Re1 cxb4 26. Rxe5 Rxe5 27.
Bxe5 bxa3 28. Kf2 a6 29. Bc6 a2 30. Ke2 b5 31. Bxb5 axb5 32. cxb5 Kf8 33. b6
Ke8 34. b7 a1=Q 35. Bxa1 Kd7 36. b8=Q Ke6 37. Qe5+ Kd7 38. Qf6 Ke8 39. Bd4 Kd7
40. Bc5 Kc7 41. Qd6+ Kb7 42. Qb6+ Kc8 43. Qa7 Kd8 44. Qb7 Ke8 45. Qe7# 1-0

[Event "OPEN D'AUBAGNE"]
[Site "SALLE LAKANAL AUBAGNE"]
[Date "2019.09.02"]
[Round "4.14"]
[White "Delaplace, Mathias"]
[Black "Meyselle, Jean-Noel"]
[Result "1-0"]
[WhiteElo "1371"]
[BlackElo "1199"]
[PlyCount "67"]
[EventDate "2019.??.??"]
[WhiteTeam "Marseille-Echecs"]
[BlackTeam "Cercle d'Echecs Aubagnais"]

1. e4 e5 2. Nf3 d6 3. d4 exd4 4. Nxd4 Be7 5. c4 Nf6 6. Nc3 c5 7. Ndb5 a6 8. Na3
O-O 9. Bf4 Nc6 10. Nc2 Re8 11. Ne3 Nd4 12. Bd3 Bd7 13. O-O b5 14. Ned5 bxc4 15.
Bxc4 Bb5 16. Bxb5 axb5 17. Be3 b4 18. Bxd4 bxc3 19. Bxc3 Nxe4 20. Re1 Nxc3 21.
Nxc3 Bf6 22. Rxe8+ Qxe8 23. Qxd6 Bd4 24. Qg3 Rb8 25. b3 Ra8 26. Kf1 Qd8 27. a4
Qf6 28. Rc1 Qe6 29. Nb5 Qh6 30. Rd1 Qa6 31. Rd3 Rd8 32. Nxd4 Qxd3+ 33. Qxd3 Kf8
34. Ne6+ 1-0

[Event "OPEN D'AUBAGNE"]
[Site "SALLE LAKANAL AUBAGNE"]
[Date "2019.09.02"]
[Round "4.15"]
[White "Strate, Francois"]
[Black "Madi, Mohammed"]
[Result "0-1"]
[WhiteElo "1347"]
[BlackElo "1045"]
[PlyCount "106"]
[EventDate "2019.??.??"]
[WhiteTeam "Sanary Echecs"]
[BlackTeam "Cercle d'Echecs Aubagnais"]

1. d4 Nf6 2. c4 g6 3. Nc3 Bg7 4. e4 d6 5. Be3 O-O 6. Nf3 Bg4 7. Be2 Nbd7 8. h3
Bxf3 9. Bxf3 Rc8 10. O-O b6 11. Rc1 c5 12. dxc5 bxc5 13. b3 a6 14. Qc2 Ne5 15.
Be2 Qc7 16. Rfd1 Rcd8 17. Bf4 Nc6 18. Nd5 Nxd5 19. exd5 Nd4 20. Qd2 Qb7 21. Bd3
Ra8 22. Re1 Rfe8 23. h4 Qd7 24. Bg3 e6 25. dxe6 Rxe6 26. Rxe6 Qxe6 27. Re1 Qg4
28. Re4 Qd7 29. Qe1 Bf6 30. Bf4 Bxh4 31. Bxd6 Bxf2+ 32. Qxf2 Qxd6 33. Qe3 Ne6
34. Re5 Rd8 35. Rd5 Qc6 36. Rxd8+ Nxd8 37. Qe7 Ne6 38. Qf6 Qd6 39. Qf1 Qd4+ 40.
Kh2 Qf4+ 41. Qxf4 Nxf4 42. Be4 a5 43. Kg3 Ne6 44. Kf3 Kg7 45. Bd5 Kf6 46. Ke4
h6 47. a4 g5 48. Bc6 h5 49. Kd5 g4 50. Bd7 Ke7 51. Bxe6 fxe6+ 52. Kxc5 h4 53.
Kd4 h3 0-1

[Event "OPEN D'AUBAGNE"]
[Site "SALLE LAKANAL AUBAGNE"]
[Date "2019.09.02"]
[Round "4.16"]
[White "Normand, Christophe"]
[Black "Vicari-Vento, Salvatore"]
[Result "1-0"]
[WhiteElo "1257"]
[BlackElo "1342"]
[PlyCount "139"]
[EventDate "2019.??.??"]
[WhiteTeam "Cercle d'Echecs Aubagnais"]
[BlackTeam "Cercle d'Echecs Aubagnais"]

1. e4 c5 2. Nc3 Nf6 3. f4 d6 4. Nf3 a6 5. a4 e6 6. Bc4 Nc6 7. O-O Be7 8. d3 O-O
9. Qe1 Nb4 10. Bb3 d5 11. exd5 Nfxd5 12. Kh1 Bf6 13. Ne5 Qe8 14. Ne4 Nc6 15.
Nxc5 Nxe5 16. fxe5 Be7 17. d4 b6 18. Ne4 Bb7 19. c4 Nc7 20. Bc2 b5 21. Nd6 Bxd6
22. exd6 Qc6 23. Qg3 Ne8 24. Bh6 Qxd6 25. Qd3 f5 26. Bf4 Qe7 27. c5 Be4 28. Qd2
Bd5 29. axb5 axb5 30. Rxa8 Bxa8 31. Qa5 Qb7 32. Rf2 Nf6 33. Qc7 Qxc7 34. Bxc7
Rf7 35. Be5 Nd5 36. Bb3 Ra7 37. Kg1 Kf7 38. h3 Bc6 39. Rf3 g6 40. g4 Nf6 41.
Rf1 Nd5 42. Bxd5 Bxd5 43. b4 Ra4 44. Rb1 Ra3 45. Kh2 Ra2+ 46. Kg1 Be4 47. Rc1
Bc6 48. Rb1 fxg4 49. hxg4 Rg2+ 50. Kf1 Rxg4 51. Ra1 g5 52. Ra6 Bd5 53. c6 Rg2
54. Bd6 Rc2 55. Bc5 Ra2 56. Rxa2 Bxa2 57. c7 Kg6 58. c8=Q Kh5 59. Qe8+ Kg4 60.
Qxb5 Bd5 61. Qe2+ Kf5 62. b5 g4 63. Qf2+ Kg6 64. b6 h5 65. Bd6 Bf3 66. Qb2 Bb7
67. Qc2+ Kg5 68. Qc7 Ba6+ 69. Kf2 h4 70. b7 1-0

[Event "OPEN D'AUBAGNE"]
[Site "SALLE LAKANAL AUBAGNE"]
[Date "2019.09.02"]
[Round "4.17"]
[White "Lassiaille, Frederic"]
[Black "Roche, Alain"]
[Result "1-0"]
[WhiteElo "1688"]
[BlackElo "1344"]
[PlyCount "81"]
[EventDate "2019.??.??"]
[WhiteTeam "Sanary Echecs"]
[BlackTeam "Echiquier Marseillais 1872"]

1. e4 e6 2. d4 d5 3. Nd2 c5 4. c3 c4 5. Ngf3 Nc6 6. b3 b5 7. a4 b4 8. exd5 exd5
9. Bb2 Be7 10. bxc4 bxc3 11. Bxc3 dxc4 12. Bxc4 Nf6 13. O-O O-O 14. Qc2 Bb4 15.
Rac1 Bxc3 16. Qxc3 Bg4 17. h3 Bxf3 18. Nxf3 Rc8 19. Qd2 Na5 20. Ba2 Rxc1 21.
Rxc1 Kh8 22. d5 Nb7 23. Ne5 Qd6 24. Rc8 Kg8 25. Rxf8+ Kxf8 26. f4 Qc5+ 27. Kh2
Qd6 28. Qd4 Nh5 29. Nd3 Nd8 30. g3 Nc6 31. Qc4 Ne7 32. Nc5 g5 33. Ne4 Qb6 34.
d6 Qb2+ 35. Kg1 Nd5 36. Qxd5 Qc1+ 37. Kg2 Qc2+ 38. Nf2 Qg6 39. d7 Nxf4+ 40.
gxf4 gxf4+ 41. Kf1 1-0

[Event "OPEN D'AUBAGNE"]
[Site "SALLE LAKANAL AUBAGNE"]
[Date "2019.09.02"]
[Round "4.18"]
[White "Hassaine, Rachid"]
[Black "Blanc, Michel"]
[Result "1/2-1/2"]
[WhiteElo "1348"]
[BlackElo "1490"]
[PlyCount "153"]
[EventDate "2019.??.??"]
[WhiteTeam "Cercle d'Echecs Aubagnais"]
[BlackTeam "Cercle d'Echecs Aubagnais"]

1. e4 c6 2. d4 d5 3. Nc3 dxe4 4. Nxe4 Bf5 5. Ng3 Bg6 6. Nf3 Nd7 7. Bc4 e6 8. c3
Qc7 9. Qb3 Qb6 10. Qd1 Qc7 11. O-O Ngf6 12. Re1 Be7 13. Qe2 O-O 14. Ng5 Nd5 15.
Bxd5 Bxg5 16. Bxe6 Bf6 17. Bf5 Rae8 18. Qd1 Qd8 19. Bf4 Nb6 20. Bxg6 hxg6 21.
Ne4 Be7 22. Qc2 Nd5 23. Bg3 Nf6 24. Ng5 Nd5 25. Nf3 Bf6 26. Be5 Nb6 27. Rad1
Qc8 28. Bd6 Rxe1+ 29. Rxe1 Re8 30. Be5 Nd7 31. h3 c5 32. Qb3 b6 33. Qd1 cxd4
34. Bxd4 Bxd4 35. Nxd4 Nf6 36. f3 Nh5 37. Ne2 Qe6 38. Kf1 Qxa2 39. Qd2 Qc4 40.
Kf2 Qc5+ 41. Qd4 Qb5 42. g4 Nf6 43. b4 Qg5 44. Kg3 Qb5 45. Qd2 Qe5+ 46. Kg2 Nd5
47. Qd4 Ne3+ 48. Kg1 Nc2 49. Qxe5 Rxe5 50. Rd1 Rxe2 51. Rd7 Re1+ 52. Kf2 Ra1
53. Rd8+ Kh7 54. Rd7 f6 55. h4 Ra2 56. Kg3 Ne3 57. Kf4 Nc4 58. g5 fxg5+ 59.
hxg5 a5 60. Rc7 Nd6 61. Rc6 Nf5 62. Rxb6 axb4 63. Rxb4 Rc2 64. Ke5 Rxc3 65. f4
Re3+ 66. Kd5 Rd3+ 67. Ke5 Re3+ 68. Kd5 Re1 69. Ra4 Kg8 70. Ra8+ Kf7 71. Ra7+
Re7 72. Ra4 Rd7+ 73. Ke5 Rc7 74. Kd5 Rc3 75. Ra7+ Kg8 76. Ra8+ Kh7 77. Ra4
1/2-1/2

[Event "OPEN D'AUBAGNE"]
[Site "SALLE LAKANAL AUBAGNE"]
[Date "2019.09.02"]
[Round "4.19"]
[White "Hunault, Francis"]
[Black "Pietrac, Christian"]
[Result "0-1"]
[WhiteElo "1427"]
[BlackElo "1238"]
[PlyCount "64"]
[EventDate "2019.??.??"]
[WhiteTeam "Cercle d'Echecs Aubagnais"]
[BlackTeam "Club d'Echecs de Miramas"]

1. d4 Nf6 2. Nd2 g6 3. e4 d6 4. Ngf3 Bg7 5. Be2 O-O 6. c3 c5 7. dxc5 dxc5 8.
Qc2 b6 9. h3 Ba6 10. Nc4 Qc7 11. Bg5 Nbd7 12. O-O h6 13. Bh4 Qb7 14. e5 Nd5 15.
Bg3 b5 16. Na5 Qb6 17. b4 Rac8 18. Qe4 Nxc3 19. Qe3 Nxe2+ 20. Qxe2 cxb4 21. Nb3
Nc5 22. Rac1 Nxb3 23. axb3 Rc3 24. Qe4 Rxb3 25. Rc6 Qb7 26. Qc2 Rc3 27. Rxc3
bxc3 28. Qxc3 b4 29. Qb3 Bxf1 30. Kxf1 e6 31. Nd2 Rc8 32. Nc4 Qb5 0-1

[Event "OPEN D'AUBAGNE"]
[Site "SALLE LAKANAL AUBAGNE"]
[Date "2019.09.02"]
[Round "4.20"]
[White "Masson, Wally"]
[Black "Lai, Bjorn"]
[Result "0-1"]
[WhiteElo "1147"]
[BlackElo "1374"]
[PlyCount "70"]
[EventDate "2019.??.??"]
[WhiteTeam "Cercle d'Echecs Aubagnais"]
[BlackTeam "Club Provence Echecs"]

1. f4 d5 2. Nf3 Nf6 3. e3 Nc6 4. Bb5 Bd7 5. Nc3 e6 6. d3 a6 7. Bxc6 Bxc6 8. Ne5
Bd6 9. Bd2 Bxe5 10. fxe5 Nd7 11. d4 Qh4+ 12. g3 Qe7 13. Qf3 f5 14. O-O-O Nxe5
15. dxe5 d4 16. e4 dxc3 17. Bxc3 Bxe4 18. Qh5+ g6 19. Qe2 Bxh1 20. Rxh1 O-O-O
21. h4 g5 22. Bd2 h6 23. Qh5 Qc5 24. hxg5 Qd5 25. Rd1 Qxa2 26. c3 hxg5 27. Qxg5
Rh2 28. Qf4 Rdh8 29. g4 Rh1 30. gxf5 Qa1+ 31. Kc2 Qxd1+ 32. Kd3 Rd8+ 33. Kc4
Qa4+ 34. b4 Qa2+ 35. Kc5 Qd5# 0-1

[Event "OPEN D'AUBAGNE"]
[Site "SALLE LAKANAL AUBAGNE"]
[Date "2019.09.02"]
[Round "4.21"]
[White "Prasant, Krishnan"]
[Black "Cavanihac, Claude"]
[Result "0-1"]
[WhiteElo "1197"]
[BlackElo "1365"]
[PlyCount "94"]
[EventDate "2019.??.??"]
[WhiteTeam "Cassis Echecs"]
[BlackTeam "Cercle d'Echecs Aubagnais"]

1. d4 Nf6 2. c4 e6 3. Nf3 c6 4. g3 Be7 5. Bg2 d5 6. O-O dxc4 7. Ne5 Nbd7 8.
Nxc4 O-O 9. Nc3 Nd5 10. a3 b5 11. Nd2 Bb7 12. Nf3 Qc7 13. Qc2 Rac8 14. e4 Nxc3
15. bxc3 Nb6 16. Re1 c5 17. Qe2 a6 18. Bf4 Bd6 19. Bxd6 Qxd6 20. Red1 cxd4 21.
cxd4 Na4 22. Qe3 Rc3 23. Qe2 Rfc8 24. Rd3 Rc1+ 25. Rxc1 Rxc1+ 26. Bf1 Rc3 27.
Rxc3 Nxc3 28. Qe3 Qxa3 29. Bd3 f6 30. Qf4 Qe7 31. Qh4 g5 32. Qg4 Qf7 33. Kf1 h5
34. Qh3 Bxe4 35. Bxe4 Nxe4 36. Qg2 Qd7 37. Qh3 Qf7 38. Qg2 Qg6 39. Kg1 Nc3 40.
Qf1 Qe4 41. Nd2 Ne2+ 42. Qxe2 Qxe2 43. Nf1 b4 44. Kg2 b3 45. Kg1 b2 46. Kg2
b1=Q 47. Kh3 Qbxf1# 0-1

[Event "OPEN D'AUBAGNE"]
[Site "SALLE LAKANAL AUBAGNE"]
[Date "2019.09.02"]
[Round "4.22"]
[White "Rocchia, Alex"]
[Black "Biglia, Michel"]
[Result "1-0"]
[WhiteElo "1321"]
[BlackElo "1152"]
[PlyCount "99"]
[EventDate "2019.??.??"]
[WhiteTeam "Cercle d'Echecs Aubagnais"]
[BlackTeam "Cercle d'Echecs Aubagnais"]

1. e4 e5 2. Nf3 Nc6 3. Nc3 a6 4. Bc4 Nh6 5. d4 exd4 6. Nxd4 Bc5 7. Nxc6 dxc6 8.
Qxd8+ Kxd8 9. Bg5+ f6 10. Rd1+ Ke7 11. Bf4 Bd6 12. Bxd6+ cxd6 13. O-O Be6 14.
Bxe6 Kxe6 15. Rd2 Rad8 16. Rfd1 Nf7 17. f4 f5 18. Re1 fxe4 19. Nxe4 Kf5 20. g3
Rhe8 21. Rde2 Re6 22. Nc3 Rde8 23. Rxe6 Rxe6 24. Rxe6 Kxe6 25. Kf2 g5 26. Kf3
d5 27. Kg4 gxf4 28. Kxf4 h6 29. h4 b5 30. Ne2 c5 31. g4 Kf6 32. Ng3 d4 33. Ne4+
Kg6 34. Nxc5 a5 35. Ne4 Nd8 36. h5+ Kg7 37. Kf5 Nc6 38. a3 a4 39. Nc5 b4 40.
Nd3 bxa3 41. bxa3 Na5 42. Ke4 Nc4 43. Kxd4 Nxa3 44. c4 Nxc4 45. Kxc4 Kf6 46.
Nf2 Kg5 47. Kb4 Kf4 48. Kxa4 Kg3 49. g5 Kh4 50. g6 1-0

[Event "OPEN D'AUBAGNE"]
[Site "SALLE LAKANAL AUBAGNE"]
[Date "2019.09.02"]
[Round "4.23"]
[White "Salvi, Angele"]
[Black "Reynaud, Jacques"]
[Result "0-1"]
[WhiteElo "1056"]
[BlackElo "1394"]
[PlyCount "74"]
[EventDate "2019.??.??"]
[WhiteTeam "La Ciotat Echecs (LCE)"]
[BlackTeam "Cercle d'Echecs Aubagnais"]

1. c4 c5 2. Nc3 Nf6 3. g3 Nc6 4. Bg2 b6 5. b3 Bb7 6. Bb2 Rb8 7. e3 Ne5 8. Bxb7
Nd3+ 9. Ke2 Nxb2 10. Qc2 Rxb7 11. Qxb2 g6 12. Qc2 Bg7 13. Rd1 O-O 14. Nf3 a6
15. d4 d6 16. Rd2 Qc8 17. Rhd1 Rc7 18. Nd5 Nxd5 19. cxd5 cxd4 20. Qd3 Rc3 21.
Qxa6 Qxa6+ 22. Ke1 dxe3 23. Re2 exf2+ 24. Kxf2 Rfc8 25. Ne1 Rc1 26. Rdd2 Qa5
27. Nf3 Rh1 28. Kg2 Rcc1 29. Rxe7 Rhg1+ 30. Kh3 Rgf1 31. Rd3 Be5 32. Nd2 Rc2
33. Nxf1 Qxa2 34. Rf3 f6 35. Rb7 h5 36. Rxb6 g5 37. g4 Rxh2+ 0-1

[Event "OPEN D'AUBAGNE"]
[Site "SALLE LAKANAL AUBAGNE"]
[Date "2019.09.02"]
[Round "4.24"]
[White "Rouviere, Lucas"]
[Black "Marchis Mouren, Emma"]
[Result "0-1"]
[WhiteElo "1099"]
[BlackElo "1306"]
[PlyCount "96"]
[EventDate "2019.??.??"]
[WhiteTeam "La Ciotat Echecs (LCE)"]
[BlackTeam "Cassis Echecs"]

1. c4 Nf6 2. Nc3 e6 3. e3 d5 4. Nf3 c6 5. Be2 Bd6 6. O-O O-O 7. d4 Nbd7 8. b3
Bb4 9. Bb2 Bxc3 10. Bxc3 Ne4 11. Bb2 Ndf6 12. Bd3 b6 13. Rc1 Re8 14. Bxe4 Nxe4
15. h3 Ba6 16. Qe2 Qd6 17. Rfd1 dxc4 18. bxc4 Qd5 19. Nd2 Nxd2 20. Rxd2 Qg5 21.
Qg4 Qxg4 22. hxg4 Rad8 23. Rcd1 Bxc4 24. Rc1 Bb5 25. f4 c5 26. g3 Bc6 27. Kf2
f5 28. gxf5 exf5 29. Bc3 c4 30. Bb2 b5 31. Rcd1 Bd5 32. a3 Re4 33. Re1 Kf7 34.
Kg1 Rde8 35. Rde2 Kf6 36. Kh2 h6 37. Kh3 g5 38. Bc1 a5 39. Rf2 c3 40. Rc2 b4
41. axb4 axb4 42. fxg5+ hxg5 43. Ree2 Rh8+ 44. Kg2 Rxe3+ 45. Kf2 Rxe2+ 46. Rxe2
Rh2+ 47. Kf1 Bc4 48. Kg1 Rxe2 0-1

[Event "OPEN D'AUBAGNE"]
[Site "SALLE LAKANAL AUBAGNE"]
[Date "2019.09.02"]
[Round "4.25"]
[White "Morata, Serge"]
[Black "Leroux, Yves"]
[Result "1-0"]
[WhiteElo "1293"]
[BlackElo "1169"]
[PlyCount "31"]
[EventDate "2019.??.??"]
[WhiteTeam "Cercle d'Echecs Aubagnais"]
[BlackTeam "Echiquier Marseillais 1872"]

1. e4 e5 2. Nf3 Nc6 3. Bc4 Bc5 4. c3 a6 5. d4 exd4 6. cxd4 Bb4+ 7. Nc3 Qf6 8.
e5 Qe7 9. a3 Ba5 10. b4 Bb6 11. Nd5 Qd8 12. Nxb6 cxb6 13. d5 Nb8 14. d6 b5 15.
Bb3 h6 16. Qd5 1-0